| 000 | 00704nam a22001937a 4500 | ||
|---|---|---|---|
| 003 | 0 | ||
| 005 | 20230824113332.0 | ||
| 008 | 230824b xxu||||| |||| 00| 0 eng d | ||
| 020 | _a978-621-448-134-7 | ||
| 050 |
_aHV 5840 _b.D78 2021 |
||
| 245 |
_aDrugs and Philippine society _cGideon Lasco, editor |
||
| 260 |
_aQuezon City _bBughaw : an imprint of Ateneo de Manila University Press _cc2021. |
||
| 300 |
_axvi, 405 pages ; _c23 cm. |
||
| 500 | _aDrug abuse -- Philippines -- social aspects. | ||
| 504 | _aIncludes bibliographical references and index. | ||
| 650 | _aDrug abuse and crime -- Philippines -- History. | ||
| 651 | _aDrug abuse -- Philippines -- social aspects. | ||
| 942 |
_2lcc _cBK |
||
| 999 |
_c365207 _d365207 |
||